| 000 | 00350nam a2200145Ia 4500 | ||
|---|---|---|---|
| 005 | 20251222175922.0 | ||
| 008 | 251222s9999||||xx |||||||||||||| ||spa|| | ||
| 020 | _a8489413878 | ||
| 082 | _a330/G23 | ||
| 100 | _aGarcía-Montalvo, J. | ||
| 245 | 0 | _aEl Capital Humano: | |
| 250 | _a1ra. ed. | ||
| 264 | _bComunicación Gráfica, S.L. | ||
| 942 | _cLIB | ||
| 999 |
_c40717 _d40717 |
||